| 000 | 01310nam a22003737a 4500 | ||
|---|---|---|---|
| 003 | CHAP | ||
| 005 | 20220817043704.0 | ||
| 008 | 000720d1999 it a rn 00110 spa d | ||
| 010 | _a81783 | ||
| 011 | _a82755 | ||
| 020 | _a9253037350 | ||
| 035 | _a93258 | ||
| 040 | _cCHAP | ||
| 082 | 0 | 4 |
_a632.93 _bF3Y v.132 |
| 110 | 2 | _aFAO | |
| 245 | 1 | 0 |
_aAgroecología, cultivo y usos del nopal _c/ed. por Giuseppe Barbera, Paolo Inglese y Eulogio Pimienta Barrios |
| 260 |
_aRoma : _bFAO, _c1999. |
||
| 300 |
_a222 p. : _bilus. |
||
| 490 | 0 |
_aFAO. Producción y protección vegetal _v; 132 |
|
| 590 |
_aBATCH-UPD _b10 _c20130110 _lUCH01 _h2008 |
||
| 590 |
_aBATCH-UPD _b10 _c20130410 _lUCH01 _h1327 |
||
| 590 |
_aBATCH-UPD _b10 _c20130914 _lUCH01 _h1429 |
||
| 590 |
_aCONVERSION _b10 _c20130109 _lUCH01 _h1345 |
||
| 650 | 1 | 4 |
_aNopal _xFisiología y morfología. _981671 |
| 650 | 1 | 4 |
_aNopal _xMejoramiento. _981682 |
| 650 | 1 | 4 |
_aNopal _xMercadeo. _981683 |
| 650 | 1 | 4 |
_aNopal _xRendimiento. _981695 |
| 830 | 0 |
_aFAO. Producción y protección vegetal _v; 132 _939654 |
|
| 901 | _aBK | ||
| 905 | _aPatricia Mendoza P. | ||
| 942 | _cLIBRO | ||
| 949 |
_a632.93 F3Y v.132 _bBC _cFAO _d33724000786125 _eFAO2 _fc.2 _h98349 _i93258 _kDonaciØn _si |
||
| 949 |
_a632.93 F3Y v.132 _bBC _cFAO _d33724000802351 _eFAO1 _h98304 _i93258 _kfotocopias _si |
||
| 999 |
_c81783 _d81783 |
||